Právní úprava odpadového hospodářství /

Hlavní autor: Průchová, Ivana, 1955-
Jazyk: Čeština
Vydáno: Brno : Masarykova univerzita, 1993
Vydání: 1.vyd.
Edice: Právnické sešity
Témata:
Fyzický popis: 20 s.
Knihy
Uloženo v:
LEADER 01246nam a2200361 a 4500
001 000009238
003 CZ BrMZK
005 20100712071902.0
007 ta
008 930416s1993 xr f cze d
015 |a cnb000075196 
020 |a 80-210-0576-9  |c 10.00 
035 |a (OCoLC)39596768 
040 |a BOA001  |b cze 
080 |a 628.4(094)  |2 MRF 
080 |a 504.054(094)  |2 MRF 
080 |a 620.28(094)  |2 MRF 
100 1 |a Průchová, Ivana,  |d 1955-  |7 jn20000620299  |4 aut 
245 1 0 |a Právní úprava odpadového hospodářství /  |c Ivana Průchová 
250 |a 1.vyd. 
260 |a Brno :  |b Masarykova univerzita,  |c 1993 
300 |a 20 s. 
490 1 |a Právnické sešity ;  |v č. 10 
653 0 |a odpady 
830 0 |a Právnické sešity  |0 s 
910 |a BOA001  |b X-0989.514  |b PK-0119.616  |b TK-0251.775 
920 |a 000038080 
920 |a 000156845 
964 |a Odpady - úpravy právní 
990 |a BK 
996 7 |b 2610000637  |c X-0989.514  |l MZK  |r Sklad / do 24 hodin  |n 8  |p p.v.  |w 000009238  |u 000010  |a 1  |e BOA001  |j MZK50  |s A 
996 7 |b 2629986407  |c TK-0251.775  |l MZK  |r Sklad / do 24 hodin  |n 1  |w 000009238  |u 000030  |a 1  |e BOA001  |j MZK50  |s A 
996 6 |b 3119994804  |c PK-0119.616  |l MZK  |r Sklad / do 1 hodiny  |n 1  |w 000009238  |u 000020  |a 1  |e BOA001  |j MZK50  |s P